000 00494nam a22001817a 4500
005 20251108175209.0
008 250721s1996 xx 000 0 ara d
082 1 4 _a613.6/عز
100 1 _aعز الدين، احمد
245 1 0 _aالصيام و جهاز الهضم /
264 1 _aبيروت :
_bدار العلم للملايين،
_c1996.
300 _a200 ص.
650 1 7 _aالتغذية
650 1 7 _aالصحة
650 1 7 _aالصوم
942 _2ddc
_cBK
999 _c128457
_d128457